Loading...
Writing and Editing News
| Main Author: | |
|---|---|
| Format: | Printed Book |
| Published: |
Hyderabad
Orient Blackswan Pvt Ltd
2015
|
| LEADER | 00426nam a22001337a 4500 | ||
|---|---|---|---|
| 999 | |c 273925 |d 273925 | ||
| 020 | |a 9788125064183 | ||
| 082 | |a 079.54 KRI-W | ||
| 100 | |a Krishnaswamy,K V | ||
| 245 | |a Writing and Editing News | ||
| 260 | |a Hyderabad |b Orient Blackswan Pvt Ltd |c 2015 | ||
| 300 | |a 218p | ||
| 942 | |c BK | ||
| 952 | |0 0 |1 0 |4 0 |6 079_540000000000000_KRIW |7 0 |9 291381 |a ENG |b ENG |d 2020-02-26 |l 0 |o 079.54 KRI-W |p ENG15484 |r 2020-02-26 |w 2020-02-26 |y BK | ||